LEADER 00840cam0-22003251i-450- 001 990007840970403321 005 20141119103100.0 010 $a88-15-08417-7 035 $a000784097 035 $aFED01000784097 035 $a(Aleph)000784097FED01 035 $a000784097 100 $a20141119d2003----km-y0itay50------ba 101 0 $aita 102 $aIT 105 $aY---a---001yy 200 1 $aCategorie e a priori$fMassimo Ferrari 210 $aBologna$cIl Mulino$d2003 215 $a355 p.$d21 cm 225 1 $aSaggi$v584 610 0 $aCategoria 676 $a121.3$v21$zita 700 1$aFerrari,$bMassimo$f<1954- >$0169740 801 0$aIT$bUNINA$gREICAT$2UNIMARC 901 $aBK 912 $a990007840970403321 952 $aP.1 SF 356$fFLFBC 959 $aFLFBC 996 $aCategorie e a priori$9282195 997 $aUNINA LEADER 01298nam--2200433---450- 001 990002439000203316 005 20050620120521.0 010 $a88-842-1040-2 035 $a000243900 035 $aUSA01000243900 035 $a(ALEPH)000243900USA01 035 $a000243900 100 $a20050620d2002----km-y0itay0103----ba 101 $aita 102 $aIT 105 $a||||||||001yy 200 1 $aGioco d'azzardo e morale$fDionigi Tettamanzi$c<> tossicomania senza farmaci$fLuigi Cancrini$c<> giocatore$fFedor Dostoevskij 210 $aRoma$cEDUP$dc2002 215 $a235 p.$d20 cm 225 2 $a<> prontintasca$v55 410 0$12001$a<> prontintasca$v55 423 1$1001-------$12001 454 1$12001 606 0 $aGiochi d'azzardo 676 $a795 700 1$aTETTAMANZI,$bDionigi$0155071 702 1$aCANCRINI,$bLuigi 702 1$aDOSTOEVSKIJ,$bFëdor Mihajlovi? 801 0$aIT$bsalbc$gISBD 912 $a990002439000203316 951 $aIII 1 224$b2846 959 $aBK 969 $aDSSS 979 $aDSSS1$b10$c20050620$lUSA01$h1158 979 $aDSSS1$b10$c20050620$lUSA01$h1203 979 $aDSSS1$b10$c20050620$lUSA01$h1205 979 $aPATRY$b90$c20061017$lUSA01$h0926 996 $aGioco d'azzardo e morale$91056067 997 $aUNISA LEADER 01198nam 2200373 450 001 9910793160003321 010 $a1-9787-0055-5 035 $a(CKB)4100000006669134 035 $a(MiAaPQ)EBC5492889 035 $a(EXLCZ)994100000006669134 100 $a20181003d2018 uy 0 101 0 $aeng 135 $aurcnu|||||||| 181 $ctxt$2rdacontent 182 $cc$2rdamedia 183 $acr$2rdacarrier 200 00$aWho is an African? $erace, identity, and destiny in post-apartheid South Africa /$fedited by Chammah J. Kaunda and Roderick R. Hewitt ; foreword by Marshall W. Murphree and Nobuhle Hlongwa 210 1$aLanham, Maryland :$cLexington :$cFortress Academic,$d2018. 215 $a1 online resource (337 pages) 311 $a1-9787-0054-7 606 $aEthnicity$zSouth Africa$vCongresses 615 0$aEthnicity 676 $a301.451 702 $aKaunda$b Chammah$g(Chammah J.), 702 $aHewitt$b Roderick R. 702 $aMurphree$b Marshall W. 702 $aHlongwa$b Nobuhle 801 0$bMiAaPQ 801 1$bMiAaPQ 801 2$bMiAaPQ 906 $aBOOK 912 $a9910793160003321 996 $aWho is an African$93700247 997 $aUNINA